<Le> systeme francais de retraite.

Rozličné systémy starobného poistenia vo Francúzsku. Mzdové režimy súkromného sektora. Základné doplnkové a povinné režimy. Nemzdové systémy starobného poistenia. Špeciálne mzdové režimy. Kompenzácie medzi režimami. Štátne subvencie. Úsilia rozličných príspevkových základných režimov. Finančné proje...

Ausführliche Beschreibung

Gespeichert in:
Bibliographische Detailangaben
1. Verfasser: Cramaix, J.
Format: Buchkapitel
Sprache:Französisch
Schlagworte:
Tags: Tag hinzufügen
Keine Tags, Fügen Sie das erste Tag hinzu!

MARC

LEADER 00000naa a2200000 4500
001 r013749
005 20221205080355.9
041 0 |a fre 
044 |a FR 
245 1 0 |a <Le> systeme francais de retraite.  |c J. Cramaix 
520 |a Rozličné systémy starobného poistenia vo Francúzsku. Mzdové režimy súkromného sektora. Základné doplnkové a povinné režimy. Nemzdové systémy starobného poistenia. Špeciálne mzdové režimy. Kompenzácie medzi režimami. Štátne subvencie. Úsilia rozličných príspevkových základných režimov. Finančné projekty režimov od 1990 do 2010. Finančné potreby. (Questions de Sécurité sociale 1992, č.1.). 
610 2 0 |a poistenie dôchodkové 
610 2 0 |a poistenie starobné 
610 2 0 |a Francúzsko 
610 2 0 |a 1990-2010 
100 1 |a Cramaix, J.